书目信息 |
| 题名: |
现代文件学
|
|
| 作者: | 张林华 编著 | |
| 分册: | ||
| 出版信息: | 上海 上海大学出版社 2007.01 |
|
| 页数: | 284页 | |
| 开本: | 23cm | |
| 丛书名: | ||
| 单 册: | ||
| 中图分类: | C931.46 | |
| 科图分类: | ||
| 主题词: | 文书学--wen shu xue | |
| 电子资源: | ||
| ISBN: | 978-7-81118-028-2 | |
| 000 | 00791nam0 2200241 450 | |
| 001 | 012008081051 | |
| 005 | 20080506181103.50 | |
| 010 | @a978-7-81118-028-2@dCNY28.80 | |
| 100 | @a20080506d2007 em y0chiy0120 ea | |
| 101 | 0 | @achi |
| 102 | @aCN@b310000 | |
| 105 | @aa a 000yy | |
| 106 | @ar | |
| 200 | 1 | @a现代文件学@Axian dai wen jian xue@f张林华编著@Fzhang lin hua bian zhu |
| 210 | @a上海@c上海大学出版社@d2007.01 | |
| 215 | @a284页@c图@d23cm | |
| 320 | @a有书目 (第283-284页) | |
| 330 | @a本书内容包括:现代文件学的研究对象、范围及科学性质,文件的形成与发展,公文的特点与功能,文件工作概述,发文办理等。 | |
| 606 | 0 | @a文书学@Awen shu xue |
| 690 | @aC931.46@v4 | |
| 701 | 0 | @a张林华@Azhang lin hua@4编著 |
| 801 | 0 | @aCN@bQSSK@c20080506 |
| 905 | @b705752-54@dC931.46@eZ132@f3 | |
| 现代文件学/张林华编著.-上海:上海大学出版社,2007.01 |
| 284页:图;23cm |
| ISBN 978-7-81118-028-2:CNY28.80 |
| 本书内容包括:现代文件学的研究对象、范围及科学性质,文件的形成与发展,公文的特点与功能,文件工作概述,发文办理等。 |
| ● |
| 相关链接 |
|
|
|
正题名:现代文件学
索取号:C931.46/Z132
 
预约/预借
| 序号 | 登录号 | 条形码 | 馆藏地/架位号 | 状态 | 备注 |
| 1 | 705752 | 207057520 | 社科库509/509社科库 64排8列4层/ [索取号:C931.46/Z132] | 在馆 | |
| 2 | 705753 | 207057539 | 社科库509/509社科库 64排8列4层/ [索取号:C931.46/Z132] | 在馆 | |
| 3 | 705754 | 207057548 | 社科库509/509社科库 64排8列4层/ [索取号:C931.46/Z132] | 在馆 |